Diseño y construcción de la tarjeta impresa de los circuitos de línea para una central telefónica digital privada PABX
Gorde:
| Egile nagusia: | |
|---|---|
| Formatua: | Liburua |
| Argitaratua: |
San José, Costa Rica
1990
|
| Gaiak: | |
| Etiketak: |
Etiketa erantsi
Etiketarik gabe, Izan zaitez lehena erregistro honi etiketa jartzen!
|
MARC
| LEADER | 00000nam a2200000Ia 4500 | ||
|---|---|---|---|
| 003 | 005000 | ||
| 005 | 20221231144332.0 | ||
| 008 | 140114s1990 cr a m 000 ||s d | ||
| 040 | |c cru CEDI | ||
| 090 | |a TFG 2356 | ||
| 100 | |a Ureña Granados, Guillermo |9 12982 | ||
| 245 | |a Diseño y construcción de la tarjeta impresa de los circuitos de línea para una central telefónica digital privada PABX | ||
| 260 | |c 1990 |a San José, Costa Rica | ||
| 300 | |a xi, 96 hojas (algunas plegables) : ilustraciones ; 27 cm | ||
| 500 | |a Proyecto de graduacion (bachillerato en ingenieria electrica)-- Universidad de Costa Rica. Facultad de Ingenieria. Escuela de Ingenieria Electrica | ||
| 650 | |x CENTRALES TELEFONICAS |x CIRCUITOS ELECTRONICOS |x CIRCUITOS IMPRESOS |9 12983 | ||
| 942 | |c TFG | ||
| 999 | |c 20337 |d 20337 | ||
